| 000 | 00417nam a22001337a 4500 | ||
|---|---|---|---|
| 082 |
_aT-212 _cThesis |
||
| 100 |
_aMuhammad Iqbal Javed Akhter _951096 |
||
| 245 | _aIntegration of disaster risk reduction and climate change adaptation / Mitigation in Pakistan (DM) | ||
| 260 |
_aRisalpur, _bMCE, _c2017 |
||
| 300 | _a103p. | ||
| 526 |
_a0 _b0 _c0 _dT_212_T212 |
||
| 700 |
_aDr Muhammad Irfan _917128 |
||
| 942 |
_2ddc _cBK |
||
| 999 |
_c553847 _d553847 |
||